<?xml version="1.0" encoding="UTF-8"?>
<record
    xmlns:xsi="http://www.w3.org/2001/XMLSchema-instance"
    xsi:schemaLocation="http://www.loc.gov/MARC21/slim http://www.loc.gov/standards/marcxml/schema/MARC21slim.xsd"
    xmlns="http://www.loc.gov/MARC21/slim">

  <leader>00744nam a2200157Ia 4500</leader>
  <controlfield tag="008">210327s9999||||xx |||||||||||||| ||und||</controlfield>
  <datafield tag="040" ind1=" " ind2=" ">
    <subfield code="c">STCPL</subfield>
  </datafield>
  <datafield tag="041" ind1=" " ind2=" ">
    <subfield code="h">ENG</subfield>
  </datafield>
  <datafield tag="082" ind1=" " ind2=" ">
    <subfield code="a">234</subfield>
    <subfield code="b">PIU-Y</subfield>
  </datafield>
  <datafield tag="100" ind1=" " ind2=" ">
    <subfield code="a">Pius Parsch</subfield>
  </datafield>
  <datafield tag="245" ind1=" " ind2="0">
    <subfield code="a">Year of grace</subfield>
  </datafield>
  <datafield tag="260" ind1=" " ind2=" ">
    <subfield code="a">Bo</subfield>
    <subfield code="b">St. Paul Publications</subfield>
    <subfield code="c">1960</subfield>
  </datafield>
  <datafield tag="300" ind1=" " ind2=" ">
    <subfield code="a">677</subfield>
  </datafield>
  <datafield tag="650" ind1=" " ind2=" ">
    <subfield code="a">Religion&#x915;&#x92C;&#x940;&#x930; &#x915;&#x93E; &#x91C;&#x940;&#x935;&#x928; &#x915;&#x93E;&#x932;, &#x915;&#x92C;&#x940;&#x930; &#x915;&#x93E; &#x91C;&#x940;&#x935;&#x928; &#x935;&#x943;&#x924;, &#x935;&#x947;&#x936;&#x93E; &#x906;&#x926;&#x93F; &#x938;&#x92E;&#x940;&#x915;&#x94D;&#x937;&#x93E;, &#x917;&#x941;&#x930;&#x941; &#x915;&#x93E; &#x92A;&#x926; &#x928;&#x93F;&#x930;&#x94D;&#x927;&#x93E;&#x930;&#x923;, &#x915;&#x92C;&#x93F;&#x930; &#x915;&#x940; &#x917;&#x941;&#x91C;&#x930;&#x93E;&#x924; &#x92F;&#x93E;&#x924;&#x94D;&#x930;, &#x915;&#x92C;&#x93F;&#x930; &#x915;&#x940; &#x936;&#x93F;&#x937;&#x94D;&#x92F; &#x92A;&#x930;&#x92E;&#x94D;&#x92A;&#x930;&#x93E;, &#x915;&#x92C;&#x940;&#x930; &#x92E;&#x924; &#x915;&#x93E; &#x92A;&#x94D;&#x930;&#x91A;&#x93E;&#x930;, &#x938;&#x924;, &#x915;&#x92C;&#x93F;&#x930; &#x938;&#x92E;&#x94D;&#x92A;&#x94D;&#x930;&#x926;&#x93E;&#x92F;</subfield>
  </datafield>
  <datafield tag="942" ind1=" " ind2=" ">
    <subfield code="c">BK</subfield>
  </datafield>
  <datafield tag="999" ind1=" " ind2=" ">
    <subfield code="c">26614</subfield>
    <subfield code="d">26614</subfield>
  </datafield>
  <datafield tag="952" ind1=" " ind2=" ">
    <subfield code="0">0</subfield>
    <subfield code="1">0</subfield>
    <subfield code="4">0</subfield>
    <subfield code="7">0</subfield>
    <subfield code="a">STCPL</subfield>
    <subfield code="b">STCPL</subfield>
    <subfield code="c">D 22 A</subfield>
    <subfield code="d">2021-07-10</subfield>
    <subfield code="l">0</subfield>
    <subfield code="p">38516</subfield>
    <subfield code="r">2021-07-10 00:00:00</subfield>
    <subfield code="w">2021-07-10</subfield>
    <subfield code="y">BK</subfield>
  </datafield>
</record>
